LDR 00786naa#a2200181#i#450# 001 EN\\bibl\19460 005 20260516041923.6 100 ## _a20260515b2026####ek#y0engy0150####ca 102 ## _aRU 200 1# _aASSESSMENT OF WOODY SPECIES SEED QUALITY AS PART OF THE ANALYSIS OF THEIR INTRODUCTION POTENTIAL _eConference article/thesis 210 1# _aVoronezh _cFSBE Institution of Higher Education Voronezh State University of Forestry and Technologies named after G.F. Morozov _d2026 215 ## _a7 с. 608 ## _aConference article/thesis _2local 675 ## _aДекоративные растения для парков и общественных садов. 635.925 _z 700 #1 _aRyazantseva _gO. S. 700 #1 _aTseplyaev _gAleksey 700 #1 _aPopova _gValentina Trofimovna 856 4# _abibl.vgltu.ru _u